[Event "Challenge"]
[Site "http://www.queenalice.com/game.php?id=592572"]
[Date "2009.5.23"]
[Round "-"]
[White "andreviegas"]
[Black "Menes"]
[Result "1-0"]
[WhiteElo "1866"]
[BlackElo "1461"]

1. d4 c5 2. d5 Nf6 3. f3 e5 4. e4 d6 5. c4 Bd7 6. Nc3 Be7 7. Bd2 a6 8. g3 O-O 9.
Bg5 b5 10. Bxf6 Bxf6 11. b3 Bg5 12. Qd3 bxc4 13. bxc4 a5 14. h4 Bf6 15. Bg2 Na6
16. a3 Qb6 17. Rb1 Qa7 18. Nge2 Rfb8 19. O-O Rxb1 20. Rxb1 Rb8 21. Rxb8+ Qxb8
22. f4 g6 23. h5 Kg7 24. hxg6 hxg6 25. f5 Qb3 26. fxg6 Qxa3 27. Qf3 fxg6 28. g4
Qb3 29. Bh3 a4 30. g5 Bxg5 31. Bxd7 a3 32. Be8 a2 33. Qf7+ Kh8 34. Nxa2 Qxa2 35.
Qxg6 Be3+ 36. Kh1 Qxe2 37. Qf6+ 1-0

[Event "Challenge"]
[Site "http://www.queenalice.com/game.php?id=595645"]
[Date "2009.5.30"]
[Round "-"]
[White "andreviegas"]
[Black "solo"]
[Result "1-0"]
[WhiteElo "1888"]
[BlackElo "1726"]

1. d4 d5 2. c3 Bf5 3. e3 Bxb1 4. Rxb1 e6 5. f4 Nf6 6. Bd3 a6 7. Nf3 Nc6 8. b4 b5
9. g4 Nxg4 10. Ng5 Nf6 11. h4 h6 12. Nf3 g6 13. Ne5 Nxe5 14. fxe5 Nh5 15. Qf3 c6
16. Rf1 Qe7 17. e4 Qxh4+ 18. Kd1 Qe7 19. exd5 cxd5 20. Be3 Bg7 21. Kc2 O-O-O 22.
a4 f6 23. axb5 axb5 24. Bxg6 fxe5 25. Bxh5 exd4 26. Bxd4 Bxd4 27. cxd4 Rhf8 28.
Qc3+ Kb7 29. Kb3 Rc8 30. Qd3 Kb6 31. Be2 Rc4 32. Ka2 Rxb4 33. Qa3 Ra4 34. Rxb5+
1-0

[Event "Challenge"]
[Site "http://www.queenalice.com/game.php?id=597603"]
[Date "2009.6.2"]
[Round "-"]
[White "leokhine"]
[Black "andreviegas"]
[Result "1-0"]
[WhiteElo "1897"]
[BlackElo "1752"]

1. e4 e5 2. Nf3 d6 3. Bc4 Nh6 4. d3 f6 5. h3 a6 6. a3 c6 7. c3 b5 8. Ba2 Qe7 9.
Be3 Bb7 10. Qd2 g5 11. Nh4 gxh4 12. Bxh6 Bg7 13. Qe3 Nd7 14. Nd2 Bxh6 15. Qxh6
O-O-O 16. g3 hxg3 17. fxg3 Nc5 18. Qe3 Kc7 19. b4 Na4 20. c4 d5 21. c5 d4 22.
Qh6 Rdf8 23. g4 Bc8 24. Rf1 a5 25. Rf2 Be6 26. Bxe6 Qxe6 27. g5 axb4 28. axb4
Rfg8 29. Rxf6 Qd7 30. Re6 Re8 31. Rd6 Qf7 32. Qf6 Qxf6 33. gxf6 Rd8 34. Re6 Rhg8
35. Rxe5 1-0

[Event "Challenge"]
[Site "http://www.queenalice.com/game.php?id=598562"]
[Date "2009.6.4"]
[Round "-"]
[White "ZUMBI"]
[Black "andreviegas"]
[Result "0-1"]
[WhiteElo "1907"]
[BlackElo "1841"]

1. e4 d5 2. exd5 Qxd5 3. Nc3 Qd8 4. Nf3 f6 5. Bc4 e6 6. O-O c6 7. Re1 Ne7 8. d4
b5 9. Bb3 Nd5 10. a4 Bb4 11. Bd2 Nxc3 12. Bxc3 Bd6 13. Bxe6 Bxe6 14. Rxe6+ Kf7
15. Qe2 b4 16. Bd2 Na6 17. c3 Nc7 18. Re3 b3 19. c4 Re8 20. h4 Rxe3 21. Bxe3 h5
22. d5 cxd5 23. c5 Be5 24. Ra3 d4 25. Nxe5+ fxe5 26. Bg5 Qd5 27. Qxh5+ Kf8 28.
Qh8+ Qg8 29. Qh5 g6 30. Qf3+ Kg7 31. Qf6+ Kh7 32. Qxe5 Ne6 33. Rxb3 Nxg5 34.
hxg5 Qxb3 35. Qxd4 Qe6 36. b4 Qf5 37. c6 Qxg5 38. c7 Qc1+ 39. Kh2 Qxc7+ 40. g3
Rh8 41. Kg2 Qc6+ 42. Kf1 Qc1+ 43. Kg2 Qc6+ 44. f3 Qc2+ 45. Kf1 Qc1+ 46. Ke2 Re8+
47. Kf2 Qe1+ 48. Kg2 Re2+ 49. Kh3 Qh1+ 50. Kg4 Qh5+ 51. Kf4 Qf5# 0-1

[Event "Challenge"]
[Site "http://www.queenalice.com/game.php?id=598955"]
[Date "2009.6.5"]
[Round "-"]
[White "garca"]
[Black "andreviegas"]
[Result "1-0"]
[WhiteElo "1840"]
[BlackElo "1922"]

1. e4 e5 2. Nf3 f6 3. Nxe5 g6 4. Nf3 d5 5. exd5 Qxd5 6. Nc3 Qe6+ 7. Qe2 Qxe2+ 8.
Bxe2 c6 9. h3 Nd7 10. O-O b5 11. a3 h5 12. Re1 Ne7 13. d3 Bb7 14. Nh2 O-O-O 15.
b4 Nf5 16. Ne4 Nd4 17. Bd1 Re8 18. Bd2 f5 19. Ng3 Rxe1+ 20. Bxe1 c5 21. Ne2 Bg7
22. Nxd4 Bxd4 23. c3 Re8 24. Bf3 Be5 25. Bxb7+ Kxb7 26. Nf3 Bf6 27. Bd2 Ne5 28.
Nxe5 Rxe5 29. Re1 cxb4 30. axb4 h4 31. d4 Rd5 32. Re6 Bxd4 33. cxd4 Rxd4 34. Be1
g5 35. Rg6 a5 36. bxa5 b4 37. Rb6+ Ka7 38. Rxb4 Rxb4 39. Bxb4 g4 40. Be7 gxh3
41. gxh3 Ka6 42. Bxh4 Kxa5 43. Kg2 1-0

[Event "Challenge"]
[Site "http://www.queenalice.com/game.php?id=599531"]
[Date "2009.6.6"]
[Round "-"]
[White "ted6"]
[Black "andreviegas"]
[Result "0-1"]
[WhiteElo "1890"]
[BlackElo "1869"]

1. e4 e5 2. Nf3 Nc6 3. Bb5 a6 4. Ba4 b5 5. Bb3 d6 6. d4 exd4 7. Bd5 Nge7 8.
Bxc6+ Nxc6 9. Nxd4 Ne5 10. Bf4 Nc4 11. b3 Nb2 12. Qc1 Qf6 13. Be3 c5 14. Qxb2
cxd4 15. Bxd4 Qg6 16. O-O Qxe4 17. Nd2 Qg6 18. Rae1+ Be7 19. Ne4 f5 20. Ng3 f4
21. Ne4 f3 22. Ng3 fxg2 23. Kxg2 Kf7 24. Bxg7 Rg8 25. Bd4 Bb7+ 0-1

[Event "Challenge"]
[Site "http://www.queenalice.com/game.php?id=604576"]
[Date "2009.6.16"]
[Round "-"]
[White "toninhnodaprata"]
[Black "andreviegas"]
[Result "1-0"]
[WhiteElo "1811"]
[BlackElo "1845"]

1. e4 e5 2. Nf3 Nc6 3. Nc3 Nf6 4. Bc4 Bc5 5. Ng5 h6 6. Nxf7 Qe7 7. Nxh8 g5 8.
Be2 Nd8 9. Bh5+ Nxh5 10. Qxh5+ Nf7 11. Nxf7 Qxf7 12. Qxf7+ Kxf7 13. O-O c6 14.
d3 b5 15. Be3 Bd6 16. Ne2 Ba6 17. Ng3 Bc7 18. b4 d5 19. Bc5 d4 20. Nf5 h5 21. g3
h4 22. gxh4 gxh4 23. Nxh4 Rg8+ 24. Kh1 Bc8 25. Rg1 Rh8 26. Nf5 Bxf5 27. exf5 e4
28. Rg2 Be5 29. Re1 exd3 30. Rxe5 dxc2 31. Re7+ Kf6 32. Bxd4+ Kxe7 33. Bb2 c5
34. f3 cxb4 35. Rxc2 Rd8 36. Rc7+ Ke8 37. Bg7 Rd7 38. Rxd7 Kxd7 39. Bf8 a5 40.
f6 Ke6 41. Be7 a4 42. Bxb4 Kxf6 43. Kg2 Kg6 44. Kg3 1-0

[Event "Challenge"]
[Site "http://www.queenalice.com/game.php?id=606125"]
[Date "2009.6.19"]
[Round "-"]
[White "andreviegas"]
[Black "garca"]
[Result "0-1"]
[WhiteElo "1874"]
[BlackElo "1792"]

1. e4 e5 2. Nf3 d6 3. c3 h6 4. d4 exd4 5. Qxd4 Nc6 6. Qd1 Nf6 7. Bd3 Be7 8. Be3
a6 9. Qa4 Bd7 10. Qc2 O-O 11. h3 Re8 12. g4 Nh7 13. e5 g6 14. Bxh6 Ng5 15. Nfd2
Nxe5 16. f4 Nxd3+ 17. Qxd3 Bf6+ 18. Kf2 Nh7 19. g5 Bf5 20. Qf3 Bg7 21. Na3 Bxh6
22. gxh6 Qh4+ 23. Qg3 Qxh6 24. Rae1 Rxe1 25. Kxe1 Nf6 26. Kd1 Nh5 27. Qg2 Nxf4
28. Qxb7 Rc8 29. Nf3 Nd3 30. Ke2 Re8+ 31. Kf1 Bxh3+ 32. Kg1 Qc1+ 33. Ne1 Rxe1+
34. Kh2 Rxh1+ 35. Qxh1 Qxh1+ 36. Kxh1 Nxb2 37. Kh2 Be6 0-1

[Event "Challenge"]
[Site "http://www.queenalice.com/game.php?id=606773"]
[Date "2009.6.21"]
[Round "-"]
[White "andreviegas"]
[Black "caraumar"]
[Result "0-1"]
[WhiteElo "1871"]
[BlackElo "1830"]

1. e4 e6 2. f3 a6 3. d4 d5 4. e5 h6 5. Bd2 b5 6. b4 Nd7 7. g4 Bb7 8. a4 c6 9. a5
Ne7 10. Bd3 g6 11. Ne2 Nc8 12. Na3 Qh4+ 13. Ng3 h5 14. gxh5 Qxd4 15. f4 gxh5 16.
Ne2 Qa7 17. c3 c5 18. Ng3 h4 19. Nh5 c4 20. Be2 d4 21. Rf1 d3 22. Bf3 Ne7 23.
Nf6+ Nxf6 24. exf6 Nf5 25. Bxb7 Qxb7 26. Qf3 Qxf3 27. Rxf3 Rh6 28. O-O-O Rxf6
29. Rg1 O-O-O 30. Be3 Nxe3 31. Rxe3 Rxf4 32. Nb1 Bh6 33. Kd1 Rf2 34. Rh3 Rf4 35.
Re1 Rd5 36. Rg1 Kb7 37. Re3 Bg5 38. Rge1 Rf2 39. Re5 Rxh2 40. Rxd5 exd5 41. Re5
f6 42. Rxd5 Rc2 43. Rd7+ Kc6 44. Ra7 Rc1# 0-1

[Event "Challenge"]
[Site "http://www.queenalice.com/game.php?id=612738"]
[Date "2009.7.3"]
[Round "-"]
[White "KennyB"]
[Black "andreviegas"]
[Result "1-0"]
[WhiteElo "1819"]
[BlackElo "1797"]

1. e4 e6 2. d4 Qh4 3. Nc3 c6 4. Nf3 Qd8 5. Bd3 f6 6. O-O b5 7. Re1 g5 8. Be3 Bb4
9. a3 Bxc3 10. bxc3 Qe7 11. d5 cxd5 12. exd5 e5 13. Bxb5 a6 14. Ba4 Bb7 15. c4
Qd6 16. Bxg5 h6 17. Bh4 Bc6 18. dxc6 Qxd1 19. Rexd1 Nxc6 20. Bxc6 dxc6 21. Rd6
Rc8 22. Bxf6 Nxf6 23. Rxf6 e4 24. Nd2 Ke7 25. Nxe4 Rce8 26. Rxc6 Kd7 27. Rxa6
Rxe4 28. Kf1 Rxc4 29. Rd1+ Kc7 30. Rd2 h5 31. Ke1 Re8+ 32. Kd1 Rce4 33. Kc1 Re1+
34. Kb2 Rh1 35. h4 Rxh4 36. Rd5 Rb8+ 37. Kc3 Kb7 38. Raa5 Rc8+ 39. Kb3 Rhc4 40.
Rab5+ 1-0

[Event "Agora vai! Será?"]
[Site "http://www.queenalice.com/game.php?id=616206"]
[Date "2009.7.9"]
[Round "-"]
[White "Menes"]
[Black "andreviegas"]
[Result "1-0"]
[WhiteElo "1504"]
[BlackElo "1821"]

1. Nc3 c6 2. d4 d5 3. e4 e6 4. exd5 exd5 5. f4 f5 6. Nf3 Bd6 7. Ng5 Qe7+ 8. Qe2
Qxe2+ 9. Bxe2 Be7 10. O-O Bxg5 11. fxg5 Be6 12. Bf4 g6 13. Be5 Nf6 14. Bxf6 Rg8
15. Rae1 Nd7 16. g4 Nxf6 17. gxf6 Kf7 18. g5 h6 19. h4 hxg5 20. hxg5 Rh8 21. Bf3
f4 22. Ne2 Bh3 23. Bg2 Bxg2 24. Kxg2 Rh4 25. Rxf4 Rh5 26. Ng3 Rxg5 27. Re7+ Kg8
28. Rg7+ 1-0

[Event "Challenge"]
[Site "http://www.queenalice.com/game.php?id=619479"]
[Date "2009.7.15"]
[Round "-"]
[White "Kronista"]
[Black "andreviegas"]
[Result "1-0"]
[WhiteElo "1861"]
[BlackElo "1780"]

1. e4 e5 2. Nf3 Nc6 3. Bb5 a6 4. Ba4 b5 5. Bb3 Na5 6. O-O Nh6 7. Nxe5 Nxb3 8.
axb3 Bd6 9. d4 f6 10. Nd3 Bb7 11. Qh5+ Nf7 12. Nc3 g6 13. Qh4 f5 14. Qxd8+ Nxd8
15. Bh6 Nf7 16. Bg7 Rg8 17. Bf6 h5 18. f4 Bxe4 19. Rae1 Kf8 20. Nxe4 fxe4 21.
Rxe4 Nh6 22. Ne5 Bxe5 23. fxe5 Nf5 24. e6 dxe6 25. Rxe6 Kf7 26. Rc6 a5 27. Be5
Rge8 28. Rxc7+ Kg8 29. h3 Re7 30. Rxe7 Nxe7 31. Rf6 a4 32. bxa4 bxa4 33. Bd6 Re8
34. Kf2 Nf5 35. d5 Kg7 36. Rxf5 gxf5 37. Kf3 Kg6 38. Bc7 Re1 39. d6 Rd1 40. c4
Rc1 41. d7 a3 42. bxa3 1-0

[Event "Vamo lá de nuevo..."]
[Site "http://www.queenalice.com/game.php?id=630909"]
[Date "2009.8.5"]
[Round "-"]
[White "garca"]
[Black "andreviegas"]
[Result "1-0"]
[WhiteElo "1792"]
[BlackElo "1751"]

1. e4 e5 2. Nf3 d6 3. Nc3 c6 4. d3 Be7 5. Be2 g5 6. h3 b5 7. a3 Bd7 8. Be3 h6 9.
Nh2 Nf6 10. Ng4 Nxg4 11. Bxg4 h5 12. Bxh5 Bf6 13. Bg4 Bxg4 14. Qxg4 Rh4 15. Qf5
g4 16. O-O-O Nd7 17. hxg4 Rxh1 18. Rxh1 Qe7 19. g5 Bg7 20. g6 O-O-O 21. Bxa7 f6
22. g3 Rh8 23. Rxh8+ Bxh8 24. Be3 Kb7 25. f4 Nf8 26. Qh5 Qg7 27. f5 Qg8 28. Bh6
Bg7 29. Bxg7 Qxg7 30. Nd1 Kc8 31. g4 Kd8 32. g5 d5 33. Nf2 Ke8 34. Ng4 fxg5 35.
Qxg5 Nd7 36. f6 Nxf6 37. Nxf6+ Kf8 38. Nh5 1-0

[Event "Challenge"]
[Site "http://www.queenalice.com/game.php?id=674655"]
[Date "2009.10.29"]
[Round "-"]
[White "andreviegas"]
[Black "AlmeidaChess"]
[Result "0-1"]
[WhiteElo "1737"]
[BlackElo "1794"]

1. e4 e5 2. Nf3 Nc6 3. d4 exd4 4. Nxd4 Nxd4 5. Qxd4 Nf6 6. e5 Ng8 7. h4 Ne7 8.
Bc4 d5 9. Bd3 Nf5 10. Bxf5 c5 11. Qd3 g6 12. Bxc8 Rxc8 13. Bg5 Qd7 14. b3 Bg7
15. Bf4 Qe6 16. Qb5+ Ke7 17. Bg5+ Kf8 0-1

[Event "Sou Brasileiro:Não desisto nunc"]
[Site "http://www.queenalice.com/game.php?id=678440"]
[Date "2009.11.5"]
[Round "-"]
[White "andreviegas"]
[Black "garca"]
[Result "0-1"]
[WhiteElo "1733"]
[BlackElo "1797"]

1. e4 e5 2. Nf3 d6 3. h3 h6 4. d4 exd4 5. Nxd4 Be7 6. g3 Nf6 7. Bd3 Bd7 8. Be3
O-O 9. Nf5 Nh7 10. Nxe7+ Qxe7 11. h4 Nc6 12. c3 Nf6 13. Nd2 Nh7 14. f3 Rae8 15.
Qe2 f5 16. O-O-O fxe4 17. Bxe4 Nf6 18. Rdf1 Nxe4 19. Nxe4 d5 20. Bc5 Qe6 21.
Bxf8 Rxf8 22. g4 dxe4 23. f4 Qxg4 24. Qc4+ Be6 25. Qxe4 Bxa2 26. Rfg1 Qxf4+ 27.
Qxf4 Rxf4 28. Rh3 h5 29. Rhg3 Rxh4 30. Rxg7+ Kf8 31. Rxc7 Na5 32. Rd1 Re4 33.
Rc8+ Ke7 34. Rc5 Nb3+ 35. Kc2 Nxc5 36. b4 Bb3+ 37. Kc1 Bxd1 38. Kxd1 h4 39. bxc5
h3 0-1